Laurence Sterne in the twentieth century : (Record no. 18756)
[ view plain ]
| 000 -LEADER | |
|---|---|
| fixed length control field | 00950nam a22002651 4500 |
| 001 - CONTROL NUMBER | |
| control field | 18756 |
| 003 - CONTROL NUMBER IDENTIFIER | |
| rucl marc code | BD-RjUL |
| 005 - DATE AND TIME OF LATEST TRANSACTION | |
| control field | 20211209000329.0 |
| 008 - FIXED-LENGTH DATA ELEMENTS--GENERAL INFORMATION | |
| fixed length control field | 140222s1966 ncu b 001 1 eng |
| 035 ## - SYSTEM CONTROL NUMBER | |
| System control number | (BD-RjUL)18814 |
| System control number | (OCoLC)272325 |
| 040 ## - CATALOGING SOURCE | |
| Original cataloging agency | DLC |
| Transcribing agency | OWoC |
| Modifying agency | OCoLC |
| -- | DLC |
| -- | BD-RjUL |
| Language of cataloging | eng |
| 041 ## - LANGUAGE CODE | |
| Language code of text/sound track or separate title | eng |
| 082 ## - DEWEY DECIMAL CLASSIFICATION NUMBER | |
| Classification number | 823.6 |
| Author mark and year | HAL 1966 |
| 100 1# - MAIN ENTRY--PERSONAL NAME | |
| Personal name | Hartley, Lodwick Charles, |
| Dates associated with a name | 1906- |
| 9 (RLIN) | 57829 |
| 245 10 - TITLE STATEMENT | |
| Title | Laurence Sterne in the twentieth century : |
| Remainder of title | an essay and a bibliography of Sternean studies, 1900-1965 / |
| Statement of responsibility, etc. | Lodwick Hartley. |
| 260 ## - PUBLICATION, DISTRIBUTION, ETC. (IMPRINT) | |
| Place of publication, distribution, etc. | Chapel Hill : |
| Name of publisher, distributor, etc. | University of North Carolina Press, |
| Date of publication, distribution, etc. | c1966. |
| 300 ## - PHYSICAL DESCRIPTION | |
| Pagination | x, 189 p. ; |
| Size | 24 cm. |
| 504 ## - BIBLIOGRAPHY, ETC. NOTE | |
| Bibliography, etc | Bibliography: p. [75]-180. and index. |
| 600 10 - SUBJECT ADDED ENTRY--PERSONAL NAME | |
| Personal name | Sterne, Laurence, |
| Dates associated with a name | 1713-1768 |
| General subdivision | Criticism and interpretation |
| -- | History |
| Chronological subdivision | 20th century. |
| Personal name | Sterne, Laurence, |
| Dates associated with a name | 1713-1768 |
| General subdivision | Bibliography. |
| 942 ## - ADDED ENTRY ELEMENTS (KOHA) | |
| Source of classification or shelving scheme | Dewey Decimal Classification |
| Koha item type | Books |
| Lost status | Source of classification or shelving scheme | Damaged status | Not for loan | Collection code | Permanent Location | Current Location | Shelving location | Date acquired | Source of acquisition | Cost, normal purchase price | Total Checkouts | Full call number | Date last seen | Copy number | Koha item type |
|---|---|---|---|---|---|---|---|---|---|---|---|---|---|---|---|
| Dewey Decimal Classification | Not For Loan | Fiction | Central Library, University of Rajshahi | Central Library, University of Rajshahi | Reading Room | 29/06/1968 | Sweet + Zeitlinger | 40.00 | 823.6 HAL 1966 | 22/02/2014 | C-1 | Books |